Electromagnetics.

Bibliographic Details
Main Author: Whitmer, Robert Morehouse, 1908-
Format: Book
Language:English
Published: New York : Prentice-Hall, 1952.
Series:Prentice-Hall physics series.
Subjects:

MARC

Tag First Indicator Second Indicator Subfields
LEADER 00000cam a2200000 4500
001 in00000036849
005 20151007070300.0
008 751212s1952 nyua 00000 eng
010 |a  52007587  
035 |a (OCoLC)01894034 
035 |9 AAE3708AM 
040 |a DLC  |c FQG  |d TXA  |d UtOrBLW 
049 |a TXAM  |c 2 [209212] 
050 0 0 |a QC760  |b .W6 
082 0 |a 538.3  |a 537* 
092 |a 538.3  |b W615e 
100 1 |a Whitmer, Robert Morehouse,  |d 1908- 
245 1 0 |a Electromagnetics. 
264 1 |a New York :  |b Prentice-Hall,  |c 1952. 
300 |a 270 pages :  |b illustrations ;  |c 22 cm. 
336 |a text  |b txt  |2 rdacontent 
337 |a unmediated  |b n  |2 rdamedia 
338 |a volume  |b nc  |2 rdacarrier 
490 1 |a Prentice-Hall physics series 
650 0 |a Electromagnetism. 
830 0 |a Prentice-Hall physics series. 
999 |a MARS 
999 f f |s f7fba83b-d1ce-37a2-a7d9-c9ff57a17754  |i 8f470981-56b8-3734-9a1e-45ce2a99de72  |t 0 
952 f f |p normal  |a Texas A&M University  |b College Station  |c Sterling C. Evans Library  |d Evans: Library Stacks  |t 0  |e QC760 .W6  |h Library of Congress classification  |i unmediated -- volume  |m A14800926546 
998 f f |a QC760 .W6  |t 0  |l Evans: Library Stacks